01341nab a22002417a 4500999001500000003000400015005001700019008004100036040000700077100003200084245008300116260007300199300001500272500002800287505041300315505008200728650002300810650003000833650003300863650003500896773015500931942001301086 c5598d5598OSt20251222085549.0190429b xxu||||| |||| 00| 0 spa d cPJ 96557aCarram, Moisés Naim13aLa suplantación, ataque o robo de identidad digital /cMoisés Naim Carram. cCiudad Autónoma de Buenos Aires :aThomson Reuters La Ley, b2025. ap. 131-147 aCita: AR/DOC/1338/2025. aSumario: I. Introducción.— II. La importancia de la suplantación de identidad en la actualidad.— III. Naturaleza jurídica. Definiciones. Características particulares.— IV. Técnicas de apropiación de información para suplantar la identidad.— V. Modalidades de manifestación de la suplantación de identidad.— VI. La identidad como objeto de ataque de la suplantación de identidad. tSi te interesa el texto completo, solicitalo a koha@justierradelfuego.gov.ar  09343aDERECHO PENAL 09278aDELITOS INFORMATICOS 092345aDERECHO A LA IDENTIDAD 09765aDERECHOS PERSONALÍSIMOS0 0265893164tRevista de derecho penal y criminología. Nº 6 - Julio 2025dCiudad Autónoma de Buenos Aires : Thomson Reuters La Ley, 2017-x00347914 2udccANA